[Event "I Festival A"]
[Site "Letojanni ITA"]
[Date "2001.12.28"]
[Round "7"]
[White "Bottino, Alexiei"]
[Black "Pircher, Karl"]
[Result "1-0"]
[WhiteElo "2101"]
[BlackElo "2067"]
[PlyCount "73"]
[EventDate "2001.12.22"]

1. d4 d5 2. c4 e6 3. Nc3 Be7 4. cxd5 exd5 5. Bf4 Nf6 6. e3 O-O 7. Bd3 c6 8. Qc2
Re8 9. Nf3 Nbd7 10. O-O-O a5 11. g4 Nf8 12. h3 b5 13. Ne5 Bb7 14. h4 a4 15. h5
N6d7 16. Bf5 Nxe5 17. dxe5 Qa5 18. g5 b4 19. g6 bxc3 20. gxf7+ Kxf7 21. Rhg1
cxb2+ 22. Kb1 Reb8 23. Bxh7 Ke8 24. Rxg7 Qb4 25. f3 Ra7 26. Bg6+ Kd8 27. h6 Ra5
28. h7 Nxh7 29. Rxh7 Rc5 30. Qxb2 Qxb2+ 31. Kxb2 Ba6+ 32. Ka1 Rb4 33. Rh8+ Kc7
34. Re8 Kd7 35. Rg8 Kc7 36. Bf5 a3 37. Re8 1-0

[Event "I Festival A"]
[Site "Letojanni ITA"]
[Date "2001.12.28"]
[Round "7"]
[White "Djuric, Stefan"]
[Black "Naumkin, Igor"]
[Result "1/2-1/2"]
[WhiteElo "2512"]
[BlackElo "2414"]
[PlyCount "29"]
[EventDate "2001.12.22"]

1. e4 e6 2. d4 d5 3. Nd2 c5 4. Ngf3 cxd4 5. exd5 Qxd5 6. Bc4 Qd6 7. O-O Nf6 8.
Nb3 Nc6 9. Nbxd4 Nxd4 10. Nxd4 Nd7 11. c3 Qc7 12. Bb5 Bc5 13. Bxd7+ Bxd7 14.
Be3 Rc8 15. Ne2 1/2-1/2

[Event "I Festival A"]
[Site "Letojanni ITA"]
[Date "2001.12.28"]
[Round "7"]
[White "Hocevar, Nikola"]
[Black "Rabovszky, Gyorgy"]
[Result "1/2-1/2"]
[WhiteElo "2169"]
[BlackElo "2070"]
[PlyCount "118"]
[EventDate "2001.12.22"]

1. c4 e5 2. Nc3 Bb4 3. g3 Nf6 4. Bg2 O-O 5. Nf3 Re8 6. O-O Nc6 7. Nd5 Bc5 8. d3
Nxd5 9. cxd5 Nd4 10. Nd2 c6 11. e3 Nf5 12. Nb3 Bb6 13. Bd2 cxd5 14. Bxd5 Ne7
15. Bg2 d5 16. Rc1 Bd7 17. Nc5 Bc6 18. e4 dxe4 19. dxe4 Bxc5 20. Rxc5 Qd6 21.
Be3 Qxd1 22. Rxd1 f6 23. f3 Red8 24. Rcc1 Kf8 25. Kf2 Rxd1 26. Rxd1 Bb5 27. Rc1
Rc8 28. Rxc8+ Nxc8 29. Bh3 Nb6 30. b3 Ke7 31. a4 Bd7 32. Bc5+ Ke8 33. Bf1 Nc8
34. Bd3 a6 35. Ke3 Be6 36. Be2 b6 37. Ba3 Kd7 38. Kd2 Na7 39. Bb2 Nc6 40. Bc3
a5 41. Ke3 Kd6 42. Bb2 Nb4 43. Ba3 Kc6 44. Bxb4 axb4 45. Bd1 Kc5 46. Bc2 g5 47.
g4 Bf7 48. Bd1 h5 49. Bc2 hxg4 50. fxg4 Be6 51. Bd1 Bd7 52. Bc2 Bxg4 53. Bd3
Bd7 54. Bc2 Kd6 55. Kf3 Ke7 56. Kg3 Kf7 57. h4 Kg6 58. hxg5 fxg5 59. Bd3 Kh5
1/2-1/2

[Event "I Festival A"]
[Site "Letojanni ITA"]
[Date "2001.12.28"]
[Round "7"]
[White "Messina, Elia"]
[Black "Amato, Giampiero"]
[Result "1/2-1/2"]
[WhiteElo "1725"]
[BlackElo "1722"]
[PlyCount "32"]
[EventDate "2001.12.22"]

1. e4 c5 2. Nf3 d6 3. d4 cxd4 4. Nxd4 Nf6 5. Nc3 g6 6. f3 Bg7 7. Be3 O-O 8. Qd2
Nc6 9. O-O-O d5 10. exd5 Nxd5 11. Nxd5 Qxd5 12. Nxc6 Qxc6 13. Bh6 Bf5 14. Bxg7
Kxg7 15. Bd3 Rfd8 16. Qe2 Bxd3 1/2-1/2

[Event "I Festival A"]
[Site "Letojanni ITA"]
[Date "2001.12.28"]
[Round "7"]
[White "Ortega, Lexy"]
[Black "Martorelli, Antonio"]
[Result "1-0"]
[WhiteElo "2494"]
[BlackElo "2278"]
[PlyCount "77"]
[EventDate "2001.12.22"]

1. d4 d5 2. c4 dxc4 3. Nf3 Nf6 4. e3 e6 5. Bxc4 a6 6. O-O c5 7. a4 Nc6 8. Qe2
cxd4 9. Rd1 Be7 10. exd4 O-O 11. Nc3 Nb4 12. Bg5 Bd7 13. Ne5 Bc6 14. Nxc6 bxc6
15. a5 Nfd5 16. Bxe7 Qxe7 17. Na4 Rfd8 18. Ra3 Nc7 19. Rg3 Nb5 20. Nb6 Ra7 21.
Qg4 g6 22. h4 Qf6 23. Rb3 h5 24. Qg3 c5 25. Rf3 Qg7 26. Qg5 Rxd4 27. Rc1 Nc6
28. Bxb5 axb5 29. Rxc5 Rd1+ 30. Kh2 Nd4 31. Rfc3 Rxa5 32. Rc1 Rxc1 33. Rxc1 Nf5
34. Rc8+ Kh7 35. Nd7 Nd6 36. Nf6+ Qxf6 37. Qxf6 Nxc8 38. Qxf7+ Kh6 39. Qf8+ 1-0

[Event "I Festival A"]
[Site "Letojanni ITA"]
[Date "2001.12.28"]
[Round "7"]
[White "Ragonese, Lucio Rosario"]
[Black "Cappadona, Salvatore"]
[Result "0-1"]
[WhiteElo "2073"]
[BlackElo "1979"]
[PlyCount "80"]
[EventDate "2001.12.22"]

1. d4 Nf6 2. Nf3 g6 3. Bg5 Bg7 4. Nbd2 O-O 5. e4 d6 6. c3 c6 7. Be2 Nbd7 8. Qb3
b6 9. O-O Bb7 10. Rad1 Qc7 11. Rfe1 c5 12. Bc4 e6 13. e5 dxe5 14. Nxe5 cxd4 15.
cxd4 Nxe5 16. dxe5 Ng4 17. Qg3 h5 18. f4 Qc5+ 19. Kf1 Nh6 20. Bxh6 Bxh6 21. Bd3
Rad8 22. Ne4 Bxe4 23. Rxe4 Rd4 24. Qe3 Rfd8 25. Rxd4 Rxd4 26. g3 Rxf4+ 27. Ke2
Qxe3+ 28. Kxe3 Rb4+ 29. Kf3 Rxb2 30. Bc4 Rb4 31. Rd8+ Bf8 32. Be2 Kg7 33. Ke3
Ra4 34. Rd2 Bc5+ 35. Kf3 Ra3+ 36. Ke4 Re3+ 37. Kf4 Kh6 38. h4 f6 39. Bxh5 gxh5
40. exf6 Kg6 0-1

[Event "I Festival A"]
[Site "Letojanni ITA"]
[Date "2001.12.28"]
[Round "7"]
[White "Tondo, Salvatore"]
[Black "Gangemi, Salvatore"]
[Result "0-1"]
[WhiteElo "1779"]
[BlackElo "2055"]
[PlyCount "75"]
[EventDate "2001.12.22"]

1. Nf3 c5 2. e4 Nc6 3. d4 cxd4 4. Nxd4 g6 5. Nxc6 bxc6 6. Qd4 Nf6 7. e5 Qa5+ 8.
Bd2 Qd5 9. Qxd5 Nxd5 10. c4 Nb6 11. Nc3 Ba6 12. b3 Bg7 13. f4 O-O 14. Be2 d6
15. exd6 exd6 16. O-O d5 17. Rac1 Rae8 18. Rfe1 d4 19. Nd1 Rd8 20. Nf2 Rfe8 21.
Nd3 Bf8 22. Bf3 c5 23. Bc6 Rxe1+ 24. Rxe1 Rc8 25. Bf3 Nd7 26. f5 Nf6 27. Bg5
Kg7 28. fxg6 hxg6 29. Bxf6+ Kxf6 30. Bd5 Kg7 31. Rf1 Rc7 32. Ne5 f6 33. Ng4 f5
34. Ne5 Kf6 35. Nc6 Bb7 36. Re1 Rxc6 37. Bxc6 Bxc6 38. Rd1 0-1

[Event "I Festival A"]
[Site "Letojanni ITA"]
[Date "2001.12.29"]
[Round "8"]
[White "Amato, Giampiero"]
[Black "Bonaccorsi, Fabrizio"]
[Result "1/2-1/2"]
[WhiteElo "1722"]
[BlackElo "2163"]
[PlyCount "81"]
[EventDate "2001.12.22"]

1. e4 c5 2. Nf3 e6 3. d4 cxd4 4. Nxd4 Nc6 5. Nc3 Qc7 6. Be3 Nf6 7. Be2 Bb4 8.
Ndb5 Qb8 9. a3 Be7 10. O-O a6 11. Nd4 b5 12. f4 Bb7 13. e5 Nxd4 14. Qxd4 Nd5
15. Nxd5 Bxd5 16. f5 Qb7 17. Qg4 exf5 18. Qxf5 Qc6 19. Rad1 Rc8 20. Bf3 Bxf3
21. Rxf3 Qe6 22. Qd3 Bc5 23. c3 O-O 24. Qd5 Qxd5 25. Rxd5 Bxe3+ 26. Rxe3 Rc7
27. Rd6 Ra8 28. Red3 Raa7 29. Rb6 Kf8 30. Rdd6 Rc5 31. Rxa6 Rxa6 32. Rxa6 Rxe5
33. Kf2 Ke7 34. Rb6 h5 35. Kf3 f6 36. Rb8 g5 37. Rc8 Rf5+ 38. Ke3 Re5+ 39. Kf2
Rd5 40. Ke2 Re5+ 41. Kf2 1/2-1/2

[Event "I Festival A"]
[Site "Letojanni ITA"]
[Date "2001.12.29"]
[Round "8"]
[White "Antoniacci, Riccardo"]
[Black "Rabovszky, Gyorgy"]
[Result "1-0"]
[WhiteElo "1735"]
[BlackElo "2070"]
[PlyCount "106"]
[EventDate "2001.12.22"]

1. e4 e5 2. Bc4 Nf6 3. d4 d5 4. dxe5 dxc4 5. Qxd8+ Kxd8 6. exf6 gxf6 7. Nc3 Bd6
8. Nge2 Rg8 9. g3 Nc6 10. Be3 Be6 11. O-O-O a6 12. f4 Kc8 13. Nd4 Nxd4 14. Bxd4
f5 15. Rhe1 Bb4 16. exf5 Bxc3 17. Bxc3 Bxf5 18. Rd5 Bg4 19. Re7 Be6 20. Rc5 c6
21. Rh5 b5 22. Ba5 Kb8 23. Rxh7 Ra7 24. Rxa7 Kxa7 25. f5 Bd5 26. Bd2 Kb6 27. a3
Re8 28. h4 Kc5 29. g4 Kd4 30. h5 Re2 31. Rh8 Rg2 32. Bc3+ Ke3 33. Re8+ Be4 34.
Bd2+ Kf3 35. b3 c3 36. Bxc3 Rxc2+ 37. Kd1 Rxc3 38. h6 Re3 39. Rf8 Kxg4 40. h7
Rh3 41. h8=Q Rxh8 42. Rxh8 Kxf5 43. Ra8 Ke5 44. Kd2 Kd4 45. Rxa6 f5 46. Ra7 f4
47. Rd7+ Bd5 48. b4 Kc4 49. Kc2 f3 50. Rg7 Kd4 51. Kd2 Be4 52. Rg4 Ke5 53. Ke3
Bd5 1-0

[Event "I Festival A"]
[Site "Letojanni ITA"]
[Date "2001.12.29"]
[Round "8"]
[White "Bondielli, Giorgio"]
[Black "Bottino, Alexiei"]
[Result "1/2-1/2"]
[WhiteElo "2006"]
[BlackElo "2101"]
[PlyCount "115"]
[EventDate "2001.12.22"]

1. e4 c5 2. d4 cxd4 3. c3 dxc3 4. Nxc3 Nc6 5. Nf3 e6 6. Bc4 Qc7 7. Qe2 a6 8.
O-O Bd6 9. Be3 Nge7 10. Rac1 O-O 11. Rfd1 Ne5 12. Bb3 Nxf3+ 13. Qxf3 Qb8 14.
Qh5 Bf4 15. Rd3 Ng6 16. Ne2 Bxe3 17. Rxe3 Qe5 18. Qxe5 Nxe5 19. Rec3 Nc6 20. f3
b5 21. Rd1 Re8 22. Nf4 Kf8 23. Kf2 Ke7 24. a3 Rb8 25. Nd3 Rb6 26. Rdc1 Bb7 27.
Nc5 Ba8 28. Nd3 Nd4 29. Ba2 Rc6 30. Ke3 Rxc3 31. Rxc3 Nc6 32. b4 d6 33. g3 g5
34. Ne1 Rd8 35. Rd3 Rc8 36. Rc3 Bb7 37. Nc2 Ne5 38. Rxc8 Bxc8 39. Nd4 Bb7 40.
Bb3 Nc6 41. Nc2 a5 42. bxa5 Nxa5 43. Ba2 Kd7 44. Nd4 Ba6 45. Nc2 Kc7 46. Nb4
Bb7 47. Kd3 Kb6 48. Kc3 g4 49. fxg4 Bxe4 50. Kd4 Bg6 51. Ke3 Nc6 52. Nd3 Ne5
53. Nxe5 dxe5 54. h4 Ka5 55. h5 Bc2 56. Kd2 Be4 57. Ke3 Bd3 58. Kd2 1/2-1/2

[Event "I Festival A"]
[Site "Letojanni ITA"]
[Date "2001.12.29"]
[Round "8"]
[White "Cappadona, Salvatore"]
[Black "Djuric, Stefan"]
[Result "1/2-1/2"]
[WhiteElo "1979"]
[BlackElo "2512"]
[PlyCount "81"]
[EventDate "2001.12.22"]

1. e4 g6 2. d4 Bg7 3. Nf3 d6 4. Nc3 Nf6 5. Be2 O-O 6. O-O Nc6 7. h3 e5 8. dxe5
dxe5 9. Bg5 Be6 10. Re1 h6 11. Bh4 Qc8 12. Bxf6 Bxf6 13. Nd5 Bg7 14. c3 Kh7 15.
Qc2 f5 16. Ne3 f4 17. Nd5 Nb8 18. Rad1 c6 19. Nb4 a5 20. Nd3 Nd7 21. b3 Qc7 22.
Rd2 Rf7 23. Nb2 Nb6 24. Red1 Bf8 25. Bf1 Be7 26. Nd3 Nd7 27. c4 g5 28. c5 g4
29. hxg4 Bxg4 30. Qc4 Rg7 31. Be2 Rag8 32. Kf1 Rg6 33. Qc3 Be6 34. Nde1 Nxc5
35. Qxe5 Qxe5 36. Nxe5 Rg5 37. N5f3 R5g7 38. e5 Bd5 39. Bc4 Bxc4+ 40. bxc4 h5
41. Rd4 1/2-1/2

[Event "I Festival A"]
[Site "Letojanni ITA"]
[Date "2001.12.29"]
[Round "8"]
[White "Gangemi, Salvatore"]
[Black "Hocevar, Nikola"]
[Result "0-1"]
[WhiteElo "2055"]
[BlackElo "2169"]
[PlyCount "60"]
[EventDate "2001.12.22"]

1. c4 c5 2. Nf3 Nf6 3. Nc3 Nc6 4. d4 cxd4 5. Nxd4 g6 6. e4 d6 7. Be2 Nxd4 8.
Qxd4 Bg7 9. O-O O-O 10. Qd3 Nd7 11. f4 Nc5 12. Qc2 f5 13. e5 dxe5 14. Be3 Ne6
15. Rad1 Nd4 16. Qd2 Be6 17. fxe5 Nxe2+ 18. Qxe2 Qc7 19. Nd5 Qxe5 20. Nxe7+ Kh8
21. Nd5 Rae8 22. Rfe1 Bxd5 23. cxd5 f4 24. Bc5 Qxe2 25. Rxe2 Rxe2 26. d6 b6 27.
d7 Rd8 28. Kf1 Re6 29. Ba3 Kg8 30. Rc1 Rxd7 0-1

[Event "I Festival A"]
[Site "Letojanni ITA"]
[Date "2001.12.29"]
[Round "8"]
[White "Martorelli, Antonio"]
[Black "Rigo, Janos"]
[Result "0-1"]
[WhiteElo "2278"]
[BlackElo "2338"]
[PlyCount "92"]
[EventDate "2001.12.22"]

1. e4 c5 2. Nf3 d6 3. d4 cxd4 4. Nxd4 Nf6 5. Nc3 g6 6. Be3 Bg7 7. f3 Nc6 8. Qd2
O-O 9. O-O-O Nxd4 10. Bxd4 Be6 11. g4 Qa5 12. a3 Rfc8 13. h4 h5 14. Qg5 Qxg5+
15. hxg5 Nh7 16. gxh5 Nxg5 17. f4 Rxc3 18. bxc3 Nxe4 19. hxg6 fxg6 20. Re1 d5
21. Bh3 Bxh3 22. Rxh3 Rc8 23. Kb2 b5 24. Reh1 Rc6 25. Rg1 a6 26. f5 g5 27. Rgh1
Bxd4 28. cxd4 Nf6 29. Re1 Ne4 30. Reh1 Nf6 31. Rg3 Ne4 32. Rgh3 Nf6 33. Rc3 Rd6
34. Rc7 Kf7 35. Kb3 g4 36. Rh6 Rd8 37. Rg6 Rh8 38. Kb4 Rh5 39. Ka5 Rxf5 40. Rh6
Rf3 41. c3 Rh3 42. Rxf6+ Kxf6 43. Rc8 Kf7 44. Rc5 Rh5 45. Kxa6 g3 46. Rxb5 g2
0-1

[Event "I Festival A"]
[Site "Letojanni ITA"]
[Date "2001.12.29"]
[Round "8"]
[White "Pircher, Karl"]
[Black "Messina, Elia"]
[Result "1/2-1/2"]
[WhiteElo "2067"]
[BlackElo "1725"]
[PlyCount "45"]
[EventDate "2001.12.22"]

1. d4 f5 2. g3 Nf6 3. Bg2 e6 4. c4 c6 5. Nf3 d5 6. O-O Bd6 7. b3 O-O 8. Ba3
Bxa3 9. Nxa3 Qe7 10. Nc2 Nbd7 11. Qd3 Ne4 12. e3 Qf6 13. Nd2 g5 14. Rae1 g4 15.
f3 Nxd2 16. Qxd2 gxf3 17. Bxf3 Qg5 18. Bg2 Nf6 19. Re2 Bd7 20. Ne1 Ne4 21. Qd3
Be8 22. Nf3 Qe7 23. Ne5 1/2-1/2

[Event "I Festival A"]
[Site "Letojanni ITA"]
[Date "2001.12.29"]
[Round "8"]
[White "Ragonese, Lucio Rosario"]
[Black "Tondo, Salvatore"]
[Result "1-0"]
[WhiteElo "2073"]
[BlackElo "1779"]
[PlyCount "107"]
[EventDate "2001.12.22"]

1. d4 Nf6 2. Nf3 b5 3. e4 Nxe4 4. Bxb5 e6 5. O-O Be7 6. Nbd2 Bb7 7. Re1 Nf6 8.
Ne5 O-O 9. Re3 d6 10. Ng4 Nbd7 11. Rh3 Nxg4 12. Qxg4 Nf6 13. Qh4 h6 14. Bd3 Nh7
15. Qh5 Nf6 16. Qh4 Nh7 17. Qh5 Nf6 18. Qe2 Nh7 19. Ne4 Ng5 20. Rg3 Bxe4 21.
Bxe4 Nxe4 22. Qxe4 Kh8 23. Qg4 Rg8 24. Qh5 Qf8 25. Bd2 Kh7 26. Re1 Bf6 27. c3
Rb8 28. b3 a6 29. d5 exd5 30. Qf5+ Kh8 31. Bxh6 gxh6 32. Qxf6+ Kh7 33. Re7 Rxg3
34. hxg3 Kg8 35. Rxc7 Re8 36. Ra7 Re6 37. Qf3 Qg7 38. Rxa6 Re1+ 39. Kh2 Qg6 40.
Ra4 Re4 41. Rd4 Rxd4 42. cxd4 Qb1 43. Qxd5 Qxa2 44. Qxd6 Qxb3 45. Qf4 Kg7 46.
g4 Qd1 47. g3 Kg8 48. Kg2 Qb3 49. Qe4 Qd1 50. d5 h5 51. gxh5 Qxh5 52. d6 Qd1
53. Qe5 Qb1 54. Qd5 1-0

[Event "IV Open A"]
[Site "Padova ITA"]
[Date "2001.12.15"]
[Round "1"]
[White "Caruso, Augusto"]
[Black "Fracasso Pezzolato, Michele"]
[Result "1/2-1/2"]
[WhiteElo "2260"]
[BlackElo "1585"]
[PlyCount "129"]
[EventDate "2001.12.15"]

1. e4 c5 2. Nf3 d6 3. d4 cxd4 4. Nxd4 Nc6 5. Nc3 a6 6. g3 Nf6 7. Bg2 Nxd4 8.
Qxd4 e5 9. Qd3 Be7 10. O-O Be6 11. Rd1 O-O 12. Bg5 Ne8 13. Be3 b5 14. Nd5 Bxd5
15. Qxd5 Nf6 16. Qb7 Qd7 17. Qb6 a5 18. Bd2 Ng4 19. Bh3 Rfb8 20. Bxg4 Qxg4 21.
Qe3 f5 22. Qb3+ Kf8 23. f3 Qg6 24. Qd5 f4 25. g4 h5 26. h3 hxg4 27. hxg4 Qf7
28. Qd3 Qe6 29. Kg2 Kf7 30. Rh1 b4 31. Rh5 Rh8 32. Rah1 Rh6 33. Rxh6 gxh6 34.
b3 Rd8 35. c4 bxc3 36. Bxc3 a4 37. Qb5 axb3 38. Qxb3 Qxb3 39. axb3 Rc8 40. Be1
Bf8 41. Kf1 Rc2 42. Rh5 Ra2 43. Rf5+ Ke8 44. b4 Rb2 45. g5 hxg5 46. Rxg5 Be7
47. Rg8+ Kd7 48. Rb8 Kc7 49. Rb5 Kc6 50. Rd5 Bd8 51. Bc3 Rb3 52. Rd3 Bb6 53.
Ke2 Be3 54. Kd1 Rb1+ 55. Kc2 Rf1 56. Kb3 Rxf3 57. Kc4 Rf1 58. b5+ Kd7 59. Bxe5
Rc1+ 60. Kb3 f3 61. Bxd6 f2 62. Bg3+ Kc8 63. Bxf2 Bxf2 64. Rc3+ Rxc3+ 65. Kxc3
1/2-1/2

[Event "IV Open A"]
[Site "Padova ITA"]
[Date "2001.12.15"]
[Round "1"]
[White "Cecchetto, Vanni"]
[Black "Traversi, Carlo"]
[Result "1-0"]
[WhiteElo "2062"]
[BlackElo "1561"]
[PlyCount "47"]
[EventDate "2001.12.15"]

1. d4 Nf6 2. Nf3 g6 3. c4 Bg7 4. Nc3 d5 5. cxd5 Nxd5 6. Bd2 Nc6 7. e4 Nxc3 8.
Bxc3 Bg4 9. d5 Bxc3+ 10. bxc3 Ne5 11. Qd4 f6 12. Nxe5 fxe5 13. Qxe5 O-O 14. Bc4
Qd6 15. Qxd6 exd6 16. O-O a6 17. a4 Bd7 18. a5 Kg7 19. Rab1 Rab8 20. Bd3 Rfe8
21. c4 c6 22. Rb6 Re7 23. Rfb1 Be8 24. dxc6 1-0

[Event "IV Open A"]
[Site "Padova ITA"]
[Date "2001.12.15"]
[Round "1"]
[White "Lain, Luigi"]
[Black "Barbetta, Cosimo"]
[Result "1-0"]
[WhiteElo "1906"]
[BlackElo "1540"]
[PlyCount "105"]
[EventDate "2001.12.15"]

1. d4 e6 2. c4 Nf6 3. Nc3 c6 4. Bg5 d6 5. Nf3 Nbd7 6. e4 Qa5 7. Bd3 h6 8. Bh4
Be7 9. O-O Qd8 10. Nd2 e5 11. Nb3 a6 12. Bg3 O-O 13. Bc2 b5 14. cxb5 cxb5 15.
f4 exd4 16. Nxd4 Bb7 17. e5 dxe5 18. fxe5 Nd5 19. Qd3 f5 20. Nxf5 Bc5+ 21. Kh1
N5f6 22. exf6 Nxf6 23. Nxh6+ Kh8 24. Rxf6 Qxd3 25. Rxf8+ Rxf8 26. Bxd3 gxh6 27.
Be4 Bc8 28. h3 Bd4 29. Rd1 Bg7 30. Kh2 Be6 31. Rd6 b4 32. Rxe6 bxc3 33. bxc3
Bxc3 34. Rxh6+ Kg7 35. Rxa6 Rf6 36. Rxf6 Kxf6 37. a4 Ba5 38. Bf4 Kg7 39. Bg5
Kh8 40. Bh6 Kg8 41. Bg6 Kh8 42. g4 Kg8 43. Kg2 Bc3 44. Kf3 Ba5 45. Ke4 Bb4 46.
Kd5 Ba5 47. Kc4 Be1 48. Kb5 Bg3 49. a5 Bd6 50. a6 Be5 51. a7 Bg7 52. a8=R+ Bf8
53. Rxf8# 1-0

[Event "IV Open A"]
[Site "Padova ITA"]
[Date "2001.12.15"]
[Round "1"]
[White "Musiani, Carlo"]
[Black "De Bortoli, Peter"]
[Result "0-1"]
[WhiteElo "1576"]
[BlackElo "2194"]
[PlyCount "60"]
[EventDate "2001.12.15"]

1. d4 Nf6 2. Nf3 d5 3. e3 Bf5 4. Nbd2 e6 5. c3 Nbd7 6. Be2 Bd6 7. c4 c6 8. O-O
O-O 9. c5 Bc7 10. Nb3 Ne4 11. Nfd2 Qe7 12. Nxe4 dxe4 13. Qc2 Qh4 14. g3 Qh6 15.
Re1 Nf6 16. Nd2 Rad8 17. Nf1 Rfe8 18. b4 Qh3 19. Qd2 e5 20. Bb2 h5 21. Bd1 h4
22. Rc1 Re6 23. Rc2 Ng4 24. Qe2 exd4 25. Bxd4 Rg6 26. Kh1 Rxd4 27. exd4 e3 28.
fxe3 Be4+ 29. Kg1 hxg3 30. Nxg3 Bxg3 0-1

[Event "IV Open A"]
[Site "Padova ITA"]
[Date "2001.12.15"]
[Round "1"]
[White "Opacic, Alexandar"]
[Black "Borgato, Alessandro"]
[Result "1-0"]
[WhiteElo "2113"]
[BlackElo "1561"]
[PlyCount "71"]
[EventDate "2001.12.15"]

1. e4 e5 2. Nf3 d6 3. Bc4 Be7 4. c3 Nf6 5. Qe2 O-O 6. O-O Bg4 7. d3 Nbd7 8. Re1
c5 9. Nbd2 a6 10. Nf1 b5 11. Bb3 a5 12. h3 Bxf3 13. Qxf3 b4 14. a4 Rb8 15. Bc4
Nb6 16. Bb5 Ne8 17. Ng3 Bg5 18. Bxe8 Rxe8 19. Qg4 Bxc1 20. Rexc1 Re6 21. cxb4
cxb4 22. Nf5 g6 23. Rc6 Kf8 24. Ne3 h5 25. Qd1 Re7 26. Rac1 Kg7 27. Kh1 Rd7 28.
b3 d5 29. Nf5+ Kf8 30. Qd2 gxf5 31. Qh6+ Kg8 32. exf5 Qf8 33. Rxb6 Rxb6 34.
Qxb6 Qa8 35. Qh6 d4 36. f6 1-0

[Event "IV Open A"]
[Site "Padova ITA"]
[Date "2001.12.15"]
[Round "1"]
[White "Quaranta, Gaetano"]
[Black "Dervishi, Erald"]
[Result "0-1"]
[WhiteElo "1594"]
[BlackElo "2501"]
[PlyCount "80"]
[EventDate "2001.12.15"]

1. d4 Nf6 2. c4 e6 3. Nc3 d5 4. e3 Be7 5. Nf3 O-O 6. cxd5 exd5 7. Bd3 b6 8. O-O
Bb7 9. Bd2 Nbd7 10. Rc1 a6 11. Re1 Ne4 12. Qc2 Ndf6 13. Bxe4 dxe4 14. Ng5 Bb4
15. a3 Bxc3 16. Bxc3 a5 17. Nh3 Qd6 18. Nf4 Rfe8 19. h3 g5 20. Ne2 Nd5 21. Ng3
Qg6 22. Rf1 h5 23. Rce1 h4 24. Ne2 Ba6 25. Qd2 Re6 26. f3 exf3 27. Rxf3 Rae8
28. Nc1 Bb7 29. e4 Rxe4 30. Ref1 Nf4 31. Rxf4 gxf4 32. Rf2 f3 33. Nd3 Re2 34.
Nf4 Rxd2 35. Nxg6 Rd1+ 36. Kh2 fxg2 37. Rxg2 fxg6 38. d5 Bxd5 39. Rxg6+ Kh7 40.
Rg7+ Kh6 0-1

[Event "IV Open A"]
[Site "Padova ITA"]
[Date "2001.12.15"]
[Round "1"]
[White "Sartori, Spartaco"]
[Black "Frascati, Francesco"]
[Result "1-0"]
[WhiteElo "2250"]
[BlackElo "1576"]
[PlyCount "51"]
[EventDate "2001.12.15"]

1. c4 Nf6 2. Nc3 g6 3. e4 e5 4. Nf3 d6 5. d4 Nbd7 6. Bg5 Bg7 7. d5 O-O 8. Nd2
a6 9. Be2 b6 10. O-O Bb7 11. b4 Rc8 12. a4 Qe8 13. a5 h6 14. Be3 bxa5 15. Rxa5
Rb8 16. c5 Bc8 17. Qa4 Nxe4 18. Ndxe4 f5 19. cxd6 fxe4 20. dxc7 Rb7 21. d6 Nf6
22. Qxe8 Rxe8 23. Bxa6 Ra7 24. Bxc8 Rxa5 25. Bb6 Ra8 26. Bb7 1-0

[Event "IV Open A"]
[Site "Padova ITA"]
[Date "2001.12.15"]
[Round "1"]
[White "Spinoso, Giovanni"]
[Black "Cacco, Christian"]
[Result "0-1"]
[WhiteElo "1585"]
[BlackElo "2254"]
[PlyCount "98"]
[EventDate "2001.12.15"]

1. e4 g6 2. Nf3 Bg7 3. Bc4 d6 4. c3 Nf6 5. d3 c6 6. Bg5 O-O 7. Qd2 Bg4 8. Qe3
Nbd7 9. Nbd2 b5 10. Bb3 Nb6 11. O-O Qd7 12. Bh6 e5 13. Bxg7 Kxg7 14. Rac1 c5
15. d4 Qc7 16. h3 Bd7 17. Rfd1 Rae8 18. dxe5 dxe5 19. Nf1 c4 20. Bc2 h6 21. Ng3
Re7 22. Rd2 Rfe8 23. Rcd1 Nh7 24. Rd6 Re6 25. Rxe6 Rxe6 26. Qd2 Nf8 27. Nh2 Re7
28. Ng4 Bxg4 29. hxg4 Rd7 30. Qc1 Ne6 31. Rxd7 Qxd7 32. Ne2 Nc5 33. g5 h5 34.
Qd1 Qxd1+ 35. Bxd1 Nxe4 36. f4 exf4 37. Nxf4 Nxg5 38. Ne2 Ne6 39. Bc2 f5 40. g3
Kf6 41. Kf2 Ke5 42. Ke3 Nd5+ 43. Kf2 g5 44. a4 a6 45. Nd4 Nxd4 46. cxd4+ Kxd4
47. axb5 axb5 48. Bxf5 Nb4 49. Ke2 Nd3 0-1

[Event "IV Open A"]
[Site "Padova ITA"]
[Date "2001.12.15"]
[Round "1"]
[White "Stiz, Massimiliano"]
[Black "Tomba, Ivan"]
[Result "0-1"]
[WhiteElo "1561"]
[BlackElo "2109"]
[PlyCount "94"]
[EventDate "2001.12.15"]

1. e4 c5 2. Nc3 Nc6 3. Nf3 e6 4. Bc4 a6 5. a3 b5 6. Ba2 Bb7 7. d3 Nf6 8. O-O
Be7 9. Ng5 h6 10. Nh3 Qc7 11. Ne2 O-O-O 12. Bf4 d6 13. c4 b4 14. Be3 g5 15. Bb3
Ng4 16. d4 d5 17. Ng3 cxd4 18. Qxg4 dxe4 19. Bd2 Ne5 20. Qe2 bxa3 21. bxa3 Qc6
22. Bb4 Bf6 23. Rae1 g4 24. Nf4 Bg5 25. Qxe4 Bxf4 26. Qxc6+ Nxc6 27. Ne4 d3 28.
g3 Bc7 29. Bc3 Be5 30. Bd2 Nd4 31. Bd1 Bc7 32. Nc5 Bf3 33. h4 gxh3 34. Kh2 Be2
35. Kxh3 Bxf1+ 36. Rxf1 Bd6 37. Nxa6 Bxa3 38. Bf4 Kb7 39. Nc7 Bd6 40. Bxd6 Rxd6
41. Nb5 Nxb5 42. cxb5 Kb6 43. Bh5 f6 44. Rb1 d2 45. Kg2 Rc8 46. Rd1 Rc1 47. Kf1
Kxb5 0-1

[Event "IV Open A"]
[Site "Padova ITA"]
[Date "2001.12.15"]
[Round "1"]
[White "Zavagli, Massimo"]
[Black "Viola, Matteo"]
[Result "0-1"]
[WhiteElo "1561"]
[BlackElo "1916"]
[PlyCount "90"]
[EventDate "2001.12.15"]

1. d4 c5 2. Nf3 cxd4 3. Nxd4 Nc6 4. c4 g6 5. g3 Bg7 6. Nf3 d6 7. Bg2 Qb6 8. Nc3
Qb4 9. Bd2 Qxc4 10. O-O Nf6 11. Rc1 Bg4 12. h3 Bd7 13. Ne5 Qe6 14. Nxd7 Qxd7
15. b4 Nxb4 16. Qb3 Nc6 17. Nd5 Nxd5 18. Bxd5 e6 19. Qxb7 Qxb7 20. Bxc6+ Qxc6
21. Rxc6 Kd7 22. Ra6 Rhc8 23. Rb1 Bd4 24. Ba5 Rab8 25. Rd1 Bc5 26. Bd2 Rc6 27.
Ra4 e5 28. e4 Rb2 29. Be3 Bxe3 30. fxe3 a6 31. Ra5 Ke6 32. g4 Rb4 33. Kf2 Rxe4
34. Rb1 Rec4 35. Rb8 h5 36. gxh5 gxh5 37. Rh8 h4 38. Rh6+ f6 39. Ra3 Rb6 40.
Kf3 Rb2 41. Rxa6 Rh2 42. Ra8 Rxh3+ 43. Ke2 Rc3 44. a4 Rcxe3+ 45. Kf2 Rhf3+ 0-1

[Event "IV Open A"]
[Site "Padova ITA"]
[Date "2001.12.16"]
[Round "2"]
[White "Cacco, Christian"]
[Black "Pomaro, Stefano"]
[Result "1-0"]
[WhiteElo "2254"]
[BlackElo "1713"]
[PlyCount "39"]
[EventDate "2001.12.15"]

1. d4 b5 2. Bf4 Bb7 3. Nd2 Nf6 4. Ngf3 e6 5. e3 a6 6. Bd3 d5 7. Qe2 c5 8. dxc5
Bxc5 9. Bxb5+ Nbd7 10. Ba4 O-O 11. c3 Nb6 12. Bc2 Bc6 13. a4 Qe8 14. b3 Nbd7
15. O-O e5 16. Bg3 e4 17. Nd4 Bb7 18. b4 Ba7 19. Nf5 Ne5 20. Nd6 1-0

[Event "IV Open A"]
[Site "Padova ITA"]
[Date "2001.12.16"]
[Round "2"]
[White "De Bortoli, Peter"]
[Black "Morganti, Lionello"]
[Result "1-0"]
[WhiteElo "2194"]
[BlackElo "1687"]
[PlyCount "86"]
[EventDate "2001.12.15"]

1. b4 e5 2. Bb2 d6 3. g3 Nf6 4. Bg2 c6 5. c4 Nbd7 6. Nc3 Be7 7. b5 c5 8. e3 O-O
9. Nge2 Rb8 10. O-O b6 11. a4 Bb7 12. Nd5 Nxd5 13. cxd5 Nf6 14. Qb3 Bc8 15. f4
exf4 16. gxf4 Ng4 17. h3 Nh6 18. e4 f6 19. d4 Re8 20. dxc5 bxc5 21. Qc4 Bd7 22.
Bc3 Qc8 23. Kh2 Kh8 24. Rab1 Bd8 25. f5 Nf7 26. Nf4 Ne5 27. Bxe5 fxe5 28. Ne6
Bxe6 29. fxe6 Bf6 30. Bf3 Bg5 31. Bg4 Bf4+ 32. Rxf4 exf4 33. e5 Qc7 34. Qxf4
dxe5 35. Qf7 Re7 36. Qf5 Qd6 37. Qe4 Rf8 38. Re1 Rf4 39. Qxe5 Qxe5 40. Rxe5 Rd4
41. Bf3 g6 42. Kg3 Kg7 43. Re1 Re8 1-0

[Event "IV Open A"]
[Site "Padova ITA"]
[Date "2001.12.16"]
[Round "2"]
[White "Dervishi, Erald"]
[Black "Zangrando, Gianpietro"]
[Result "1-0"]
[WhiteElo "2501"]
[BlackElo "1731"]
[PlyCount "45"]
[EventDate "2001.12.15"]

1. e4 e6 2. d4 d5 3. Nd2 b6 4. Bd3 Ba6 5. Bxa6 Nxa6 6. Ngf3 Nf6 7. exd5 Qxd5 8.
c4 Qb7 9. Qa4+ c6 10. O-O b5 11. Qb3 Nc7 12. a4 a6 13. Ne5 Rd8 14. Ndf3 Be7 15.
Bd2 O-O 16. Ba5 Rb8 17. Rac1 b4 18. Rfe1 h6 19. d5 cxd5 20. Bxc7 Qxc7 21. cxd5
Qd6 22. dxe6 fxe6 23. Ng6 1-0